01015nam a22002897a 4500001000700000003000900007005001700016007000700033008004400040020001600084040002200100041001300122092001700135100002900152240003600181245013800217250001200355260004700367300003100414490004200445830004400487942001200531945002700543952010500570956003300675999001700708000407DO-SdBNP20180207085429.0000407160720b 1997 sp ||||| |||| 00| 0 spa d a8434852551  aBPMSUbspacBPMSU17aspaheng axxxxxbxxxxx1 aBrezina, Thomas, d1963-10aDie Ritter-Robots. 9lEspañol10aLos caballeros robots /cThomas Brezina ; ilustraciones de Werner Heymann ; traducción del alemán, José Antonio Santiago-Tagle. a7a ed.  aBoadilla del Monte, Madrid : bSM, c2003. a133 p. : bil. ; c20 cm. 1 aUn caso para ti y el Equipo Tigre v4 0aUn caso para ti y el Equipo Tigre ; v4 2ddccBK aInventariado, 2018 /LP 00102ddc40708CJ-GaBPMETbBPMETd2016-07-20eFUNDIl0pBPMSU16070585r2016-07-20w2016-07-20yBK aLOPEREZb10c20160720hBPMSU c10976d10976